| 000 | 00576cab a2200205 4500 | ||
|---|---|---|---|
| 001 | WB2643-30 | ||
| 008 | 090401t1990 xxu||||| |||| 00| 0 eng d | ||
| 035 | _a(Sirsi) u9318 | ||
| 041 | _aeng | ||
| 245 | 2 | _aA tender trap | |
| 260 | _c1990 | ||
| 350 | _a0 | ||
| 490 |
_aEstates Gazette _vno 9043 27/10/90 p77 |
||
| 520 | _aExamines general principles of contract law . Recent case Blackpool & Flyde Aero Club Ltd v Blackpool BC (1990 3 All ER 25). | ||
| 650 | _aBREACH OF IMPLIED CONTRACT | ||
| 650 | _aTENDERING | ||
| 690 | _aLAW | ||
| 942 | _n0 | ||
| 948 | _c04/03/1997 | ||
| 999 |
_c5800 _d5800 |
||